Mysterium fidei (Record no. 189718)

MARC details
000 -LEADER
campo de control de longitud fija 00741nam a2200217 i 4500
001 - NÚMERO DE CONTROL
campo de control 189718
003 - IDENTIFICADOR DE NÚMERO DE CONTROL
campo de control ES-MaACL
005 - FECHA Y HORA DE LA ÚLTIMA TRANSACCIÓN
campo de control 20250831082015.0
007 - CAMPO FIJO DE DESCRIPCIÓN FÍSICA--INFORMACIÓN GENERAL
campo de control de longitud fija t|
008 - DATOS DE LONGITUD FIJA--INFORMACIÓN GENERAL
campo de control de longitud fija 190930s1965 sp ||||1| spa d
110 2# - ENTRADA PRINCIPAL--NOMBRE DE ENTIDAD CORPORATIVA
Nombre de entidad corporativa o nombre de jurisdicción como elemento de entrada Iglesia Católica.
Unidad subordinada Papa (1963-1978: Pablo VI)
9 (RLIN) 143866
245 10 - MENCIÓN DEL TÍTULO
Título Mysterium fidei
Resto del título : encíclica sobre la doctrina y culto de la Sagrada Eucaristia.
260 ## - PUBLICACIÓN, DISTRIBUCIÓN, ETC.
Lugar de publicación, distribución, etc. Salamanca :
Nombre del editor, distribuidor, etc. Sígueme,
Fecha de publicación, distribución, etc. 1965.
300 ## - DESCRIPCIÓN FÍSICA
Extensión 71 p. ;
Dimensiones 23 cm.
490 1# - MENCIÓN DE SERIE
Mención de serie Colección "Iglesia, Siglo XX" ;
Designación de volumen o secuencia 18
650 #4 - PUNTO DE ACCESO ADICIONAL DE MATERIA--TÉRMINO DE MATERIA
Término de materia o nombre geográfico como elemento de entrada Eucaristía-
Subdivisión de forma Encíclicas.
9 (RLIN) 168398
700 1# - ENTRADA AGREGADA--NOMBRE PERSONAL
Nombre de persona Pablo
Numeración VI,
Títulos y otros términos asociados al nombre Papa, Santo.
9 (RLIN) 168351
830 00 - PUNTO DE ACCESO ADICIONAL DE SERIE-TÍTULO UNIFORME
Título uniforme Colección "Iglesia, siglo XX"
Designación de volumen o secuencia 18
9 (RLIN) 182791
852 ## - LOCALIZACIÓN
Ubicación ES-MaACL
Número de control de estantería P-863-Bis-11
Holdings
Estatus retirado Estado de pérdida Estado de daño No para préstamo Biblioteca de origen Biblioteca actual Ubicación en estantería Fecha de adquisición Fuente de adquisición Total de préstamos Signatura topográfica completa Código de barras Visto por última vez Precio de reemplazo Tipo de ítem Koha
        Biblioteca del Ateneo de Madrid Biblioteca del Ateneo de Madrid Depósito 2 30/09/2019     P-863-Bis-11 1201147 23/02/2023 23/02/2023 Libro impreso